000 00632nam a22001937a 4500
999 _c63908
_d63908
003 Ge_BSU
005 20260218122636.0
008 260218s1989 enk||||| |||| 00| 0 eng d
020 _a 9780393007435x
041 _aeng
080 _a159.964.2(042.4) F-88
100 _aFreud, Sigmund
_99435
245 _aNew Introductory Lectures on Psycho-Analysis
_cSigmund Freud, red. James Strachey.
264 _aNew york :
_bW. W. Norton & Company,
_c1989.
300 _a253 p.;
_b20 cm.
653 _aფსიქოანალიზი
700 _a Strachey, James
_eრედაქტორი
_926912
942 _2udc
_cᲬᲘᲒᲜᲘ